00378nam a2200121Ia 4500003000400000005001700004008004100021040001800062041000800080100004000088245009200128260003600220OSt20260122104859.0211028s2015 xx 000 0 und d cAIMIT LIBRARY aeng aJithin, P; Suresh, Rajani.g1316064 aStudy on customer satisfaction with maruti suzuki at popular vehicles and service ltd / aMangalorebRajani Suresh.c2015